[Event "V Open"]
[Site "Crema ITA"]
[Date "2003.09.05"]
[Round "1"]
[White "Benedetti, Maurizio"]
[Black "Agnelli, Francesco"]
[Result "0-1"]
[WhiteElo "1564"]
[BlackElo "2102"]
[PlyCount "80"]
[EventDate "2003.09.05"]

1. e4 c5 2. Nf3 Nc6 3. c3 Nf6 4. d3 d6 5. Nbd2 g6 6. g3 Bg7 7. Bg2 O-O 8. O-O
Rb8 9. Re1 b5 10. Qc2 Qb6 11. Nb3 Be6 12. h3 a5 13. Be3 a4 14. Nbd2 Rfc8 15.
Ng5 Bd7 16. f4 Qc7 17. e5 dxe5 18. fxe5 Nxe5 19. Ngf3 Nxf3+ 20. Nxf3 Qxg3 21.
Bf2 Qd6 22. Ne5 Nh5 23. Nxd7 Qxd7 24. Qd2 e5 25. Be3 Qd6 26. Rad1 b4 27. cxb4
cxb4 28. b3 axb3 29. axb3 Rc3 30. d4 exd4 31. Bxd4 Bxd4+ 32. Qxd4 Qg3 33. Rf1
Rxb3 34. Qc4 Rf8 35. Rd7 Rb2 36. Qe4 Qb3 37. Rdxf7 Rxf7 38. Qe8+ Kg7 39. Bd5
Qg3+ 40. Kh1 Rh2# 0-1

[Event "V Open"]
[Site "Crema ITA"]
[Date "2003.09.05"]
[Round "1"]
[White "Bertoletti, Vincenzo"]
[Black "Ruggeri, Dario"]
[Result "0-1"]
[WhiteElo "1338"]
[BlackElo "1714"]
[PlyCount "68"]
[EventDate "2003.09.05"]

1. d4 d5 2. Nf3 Nf6 3. e3 Bg4 4. Be2 e6 5. O-O Bd6 6. h3 Bxf3 7. Bxf3 Nbd7 8.
b3 O-O 9. a3 c5 10. Bb2 Rc8 11. Nd2 b5 12. Re1 c4 13. Nb1 Qb6 14. Nc3 a5 15.
Qd2 b4 16. Na4 Qb5 17. axb4 axb4 18. c3 cxb3 19. Rec1 bxc3 20. Bxc3 Nb6 21. Nb2
Ra8 22. Be2 Qd7 23. f3 Ra2 24. Qd1 Rfa8 25. Rcb1 Qc7 26. Rc1 Rxa1 27. Rxa1 Rxa1
28. Qxa1 Qxc3 29. Qb1 Qxe3+ 30. Kf1 Bh2 31. Bd3 Qg1+ 32. Ke2 Qxg2+ 33. Kd1
Qxf3+ 34. Be2 Qh1+ 0-1

[Event "V Open"]
[Site "Crema ITA"]
[Date "2003.09.05"]
[Round "1"]
[White "Bonade', Massimo"]
[Black "Bettini, Massimo"]
[Result "1-0"]
[WhiteElo "2053"]
[BlackElo "1525"]
[PlyCount "55"]
[EventDate "2003.09.05"]

1. d4 g6 2. c4 Bg7 3. Nc3 d6 4. e4 Nc6 5. d5 Nd4 6. Be3 c5 7. dxc6 Nxc6 8. Qd2
h6 9. Nge2 Nf6 10. f3 Bd7 11. Nd4 a5 12. Be2 h5 13. O-O h4 14. Rfd1 Ne5 15.
Rac1 Nh5 16. Ndb5 h3 17. g4 Rg8 18. gxh5 gxh5 19. Kh1 Bf6 20. Rg1 Ng6 21. Nd5
Bxb5 22. cxb5 Kf8 23. Bb6 Qd7 24. Rc7 Qe6 25. Rxb7 Rc8 26. Rc7 Rxc7 27. Bxc7
Be5 28. b6 1-0

[Event "V Open"]
[Site "Crema ITA"]
[Date "2003.09.05"]
[Round "1"]
[White "Bonazzi, Edoardo"]
[Black "Epitome, Nando"]
[Result "1-0"]
[WhiteElo "2130"]
[BlackElo "1594"]
[PlyCount "93"]
[EventDate "2003.09.05"]

1. c4 e6 2. Nc3 Nf6 3. g3 c6 4. Bg2 d5 5. d4 a6 6. Nf3 dxc4 7. Ne5 Be7 8. Nxc4
b5 9. Ne5 Bb7 10. O-O O-O 11. Bf4 Nh5 12. Rc1 Nxf4 13. gxf4 Qb6 14. Ne4 Rd8 15.
Nc5 Bxc5 16. Rxc5 f6 17. Nf3 Rd6 18. Qb3 Nd7 19. Rfc1 Rd5 20. Rxd5 cxd5 21. e3
Qd6 22. Ne1 Nb6 23. Nd3 Nc4 24. Nc5 Bc6 25. Qc3 a5 26. b3 b4 27. Qd3 Na3 28.
Qd2 Rd8 29. Bh3 f5 30. Nd3 Nb5 31. Rc5 Ra8 32. Ne5 Be8 33. Bf1 Nc3 34. Bd3 a4
35. bxa4 Rxa4 36. Qb2 Qe7 37. Bb1 Qa7 38. Rc8 Kf8 39. Bc2 Nxa2 40. Bxa4 Qxa4
41. Qc2 Qxc2 42. Rxc2 b3 43. Rb2 Ba4 44. Nd3 Nc3 45. Nc5 Nd1 46. Nxa4 Nxb2 47.
Nxb2 1-0

[Event "V Open"]
[Site "Crema ITA"]
[Date "2003.09.05"]
[Round "1"]
[White "Casartelli, Fabio"]
[Black "Bassi, Serena"]
[Result "1-0"]
[WhiteElo "1717"]
[BlackElo "1347"]
[PlyCount "81"]
[EventDate "2003.09.05"]

1. d4 Nf6 2. c4 g6 3. Nc3 Bg7 4. e4 d6 5. Nge2 O-O 6. f3 Nbd7 7. Be3 c5 8. Nf4
Ne8 9. d5 Nc7 10. Nd3 a6 11. a4 Ne5 12. Nxe5 Bxe5 13. Bh6 Re8 14. Bd3 Bd7 15.
O-O e6 16. f4 Bd4+ 17. Kh1 exd5 18. cxd5 Rb8 19. f5 Qh4 20. fxg6 hxg6 21. Bf4
Be5 22. Bxe5 Rxe5 23. Qf3 Rf8 24. g3 Qh3 25. Rf2 Be8 26. Qf6 Rh5 27. Qxd6 Na8
28. Bf1 Qc8 29. Be2 Rh7 30. Raf1 Bd7 31. Rf6 Nc7 32. Qxc5 Ne8 33. Rxg6+ Rg7 34.
Rxg7+ Nxg7 35. Qxc8 Rxc8 36. Rf4 Re8 37. Kg2 Re5 38. Bg4 Be8 39. Kf3 Kf8 40.
Rf6 Ke7 41. Rb6 1-0

[Event "V Open"]
[Site "Crema ITA"]
[Date "2003.09.05"]
[Round "1"]
[White "Cattaneo, Dario"]
[Black "Vecchia, Mario"]
[Result "0-1"]
[WhiteElo "1441"]
[BlackElo "1746"]
[PlyCount "44"]
[EventDate "2003.09.05"]

1. d4 Nf6 2. Nf3 c5 3. c3 cxd4 4. cxd4 d5 5. e3 Nc6 6. Be2 Bf5 7. Bb5 e6 8. Ne5
Qb6 9. Qb3 Rc8 10. Bxc6+ bxc6 11. Qxb6 axb6 12. b4 Ne4 13. a3 f6 14. Nf3 g5 15.
h3 h5 16. Nh2 g4 17. Nf1 gxh3 18. gxh3 Rg8 19. f3 Ng3 20. Rg1 h4 21. Kf2 Bd6
22. f4 Ne4+ 0-1

[Event "V Open"]
[Site "Crema ITA"]
[Date "2003.09.05"]
[Round "1"]
[White "Cocozza, Mario"]
[Black "Dordoni, Dario"]
[Result "1-0"]
[WhiteElo "2356"]
[BlackElo "1600"]
[PlyCount "87"]
[EventDate "2003.09.05"]

1. e4 d6 2. d4 Nf6 3. Nc3 g6 4. Nf3 Bg4 5. h3 Bxf3 6. Qxf3 Nbd7 7. Be3 c6 8. g4
h5 9. Be2 Bg7 10. O-O-O Qa5 11. Kb1 Rf8 12. Qg2 Rh8 13. f4 hxg4 14. hxg4 O-O-O
15. g5 Rxh1 16. Rxh1 Ne8 17. Bg4 e6 18. Qf2 c5 19. Ne2 cxd4 20. Nxd4 Nc5 21.
Nb3 Nxb3 22. cxb3 Kb8 23. Rc1 Nc7 24. Bxa7+ Qxa7 25. Qxa7+ Kxa7 26. Rxc7 Rf8
27. Rd7 Kb6 28. Rxd6+ Kc7 29. e5 Rh8 30. Bxe6 fxe6 31. Rxe6 Bf8 32. Rxg6 Rh7
33. f5 Bc5 34. Rh6 Re7 35. g6 Bd4 36. f6 Rxe5 37. Rh7+ Kd6 38. g7 Rg5 39. Rh8
Bxf6 40. g8=Q Rxg8 41. Rxg8 Be5 42. Rc8 Kd7 43. Rc4 b5 44. Rc5 1-0

[Event "V Open"]
[Site "Crema ITA"]
[Date "2003.09.05"]
[Round "1"]
[White "Dallaglio, Giovanni"]
[Black "Volpati, Antonio"]
[Result "1-0"]
[WhiteElo "2034"]
[BlackElo "1510"]
[PlyCount "91"]
[EventDate "2003.09.05"]

1. d4 g6 2. c4 Bg7 3. Nf3 Nf6 4. Nc3 d5 5. cxd5 Nxd5 6. Bd2 O-O 7. e4 Nb6 8.
Be3 Nc6 9. Be2 Bg4 10. d5 Ne5 11. Nxe5 Bxe2 12. Qxe2 Bxe5 13. f4 Bg7 14. Rd1
Rc8 15. O-O Qe8 16. e5 Rd8 17. Rd2 c6 18. Rfd1 cxd5 19. Nxd5 Nxd5 20. Rxd5 Rxd5
21. Rxd5 Qc6 22. Qd2 a6 23. Rc5 Qe4 24. Rc7 Qb1+ 25. Kf2 Qxa2 26. Rxb7 Qe6 27.
Qb4 Qc6 28. Qxe7 Qc2+ 29. Kf3 Qd1+ 30. Kg3 Qe2 31. Qc5 h5 32. h3 Bh6 33. Qd4
Rc8 34. Qd2 Qc4 35. Rd7 Bf8 36. Bd4 Qe6 37. Bc3 Bc5 38. Qd5 Qf5 39. Qd3 h4+ 40.
Kf3 Qh5+ 41. g4 hxg3+ 42. Kxg3 g5 43. Rd8+ Rxd8 44. Qxd8+ Kg7 45. e6+ Kg6 46.
Qf6+ 1-0

[Event "V Open"]
[Site "Crema ITA"]
[Date "2003.09.05"]
[Round "1"]
[White "Dassisti, Alberto"]
[Black "Menini, Luca"]
[Result "1-0"]
[WhiteElo "1807"]
[BlackElo "1486"]
[PlyCount "71"]
[EventDate "2003.09.05"]

1. e4 e6 2. d4 d5 3. e5 c5 4. c3 Nc6 5. Nf3 Bd7 6. Bd3 Qb6 7. Bc2 f6 8. O-O
cxd4 9. Nxd4 O-O-O 10. Nxc6 Qxc6 11. exf6 Nxf6 12. a4 Bd6 13. a5 Kb8 14. Qe2 h5
15. Ba4 Qc7 16. h4 Rhf8 17. Bxd7 Qxd7 18. Na3 a6 19. b4 Qc8 20. b5 Rf7 21. bxa6
bxa6 22. Rb1+ Rb7 23. Be3 Qc6 24. Rxb7+ Kxb7 25. Rb1+ Kc7 26. Bb6+ Kd7 27. Bxd8
Bxa3 28. Rb6 Qxc3 29. Bxf6 Qxf6 30. Qxa6 Qa1+ 31. Kh2 Qe5+ 32. g3 Bd6 33. Rb7+
Bc7 34. Qb5+ Kc8 35. a6 Qc3 36. Qe8+ 1-0

[Event "V Open"]
[Site "Crema ITA"]
[Date "2003.09.05"]
[Round "1"]
[White "Di Giuseppe, Giovanni"]
[Black "Gilardone, Adriano"]
[Result "0-1"]
[WhiteElo "1500"]
[BlackElo "1837"]
[PlyCount "78"]
[EventDate "2003.09.05"]

1. d4 Nf6 2. c4 e5 3. dxe5 Ng4 4. Nf3 Bc5 5. e3 Nc6 6. Nc3 O-O 7. Be2 Re8 8.
O-O a5 9. Ne4 Bf8 10. Qc2 Ngxe5 11. Nfg5 f5 12. f4 Nb4 13. Qb3 a4 14. Qd1 fxe4
15. a3 Nbd3 16. Nxe4 Nxc1 17. Rxc1 Nf7 18. Bd3 d6 19. f5 Qh4 20. Rf4 Qh6 21.
Qe1 Ne5 22. Bb1 Be7 23. Qg3 Bf6 24. c5 d5 25. Nxf6+ Qxf6 26. Qf2 Bd7 27. g4 Nc4
28. Rc3 Nxb2 29. Qxb2 Rxe3 30. Qxb7 Bc6 31. Qxa8+ Bxa8 32. Rxe3 Qc6 33. Re6
Qxc5+ 34. Rf2 Kf7 35. Ra6 Bc6 36. Bc2 Qc4 37. Ra7 Qxg4+ 38. Kf1 Bb5+ 39. Ke1
Qg1+ 0-1

[Event "V Open"]
[Site "Crema ITA"]
[Date "2003.09.05"]
[Round "1"]
[White "Elsido, Massimo"]
[Black "Murgia, Andrea"]
[Result "0-1"]
[WhiteElo "1582"]
[BlackElo "2123"]
[PlyCount "62"]
[EventDate "2003.09.05"]

1. e4 e5 2. Nf3 Nc6 3. Bb5 a6 4. Ba4 d6 5. d4 b5 6. Bb3 Nxd4 7. Nxd4 exd4 8.
Qxd4 c5 9. Bxf7+ Kxf7 10. Qc3 Nf6 11. Nd2 Be7 12. O-O Re8 13. f4 Kf8 14. b3 Ng4
15. Qf3 d5 16. h3 Nh6 17. exd5 Bf6 18. Rb1 Bd4+ 19. Kh2 Bf5 20. Bb2 Re3 21. Qh5
Bxc2 22. Rbc1 Bg6 23. Qd1 Bxb2 24. Rxc5 Qd6 25. Rc2 Bxc2 26. Qxc2 Bd4 27. Rd1
Qxf4+ 28. Kh1 Rae8 29. Rf1 Re1 30. Qd3 Rxf1+ 31. Nxf1 Re1 0-1

[Event "V Open"]
[Site "Crema ITA"]
[Date "2003.09.05"]
[Round "1"]
[White "Ferrari, Claudio"]
[Black "Pancioni, Marco"]
[Result "1/2-1/2"]
[WhiteElo "1630"]
[BlackElo "1597"]
[PlyCount "40"]
[EventDate "2003.09.05"]

1. e4 e5 2. Nf3 d6 3. d4 exd4 4. Nxd4 Nf6 5. Nc3 Bd7 6. Bc4 Nc6 7. O-O Be7 8.
f4 Nxd4 9. Qxd4 Bc6 10. Nd5 O-O 11. Nxe7+ Qxe7 12. e5 Nd7 13. exd6 Qxd6 14.
Qxd6 cxd6 15. Bd2 Be4 16. Bb5 Nb6 17. c3 d5 18. Rae1 a6 19. Be2 Rfe8 20. b3
Rac8 1/2-1/2

[Event "V Open"]
[Site "Crema ITA"]
[Date "2003.09.05"]
[Round "1"]
[White "Ferrero, Oscar"]
[Black "Savarese, Vincenzo"]
[Result "1-0"]
[WhiteElo "1611"]
[BlackElo "1651"]
[PlyCount "57"]
[EventDate "2003.09.05"]

1. e4 e6 2. d3 d5 3. Nd2 Nf6 4. Ngf3 c5 5. g3 Nc6 6. Bg2 Be7 7. O-O O-O 8. Re1
Qc7 9. c3 Rd8 10. e5 Nd7 11. Qe2 b6 12. Nf1 Ba6 13. Bf4 Rac8 14. h4 Nf8 15. h5
d4 16. c4 Bb7 17. N1h2 a6 18. Ng4 Qd7 19. Bg5 b5 20. b3 b4 21. h6 Bxg5 22. Nxg5
Qe7 23. f4 Nd7 24. hxg7 Na5 25. Bxb7 Nxb7 26. Qe4 f5 27. exf6 Nxf6 28. Nxf6+
Qxf6 29. Qxh7# 1-0

[Event "V Open"]
[Site "Crema ITA"]
[Date "2003.09.05"]
[Round "1"]
[White "Festa, Samuele"]
[Black "Beretta, Giovanni"]
[Result "1-0"]
[WhiteElo "1741"]
[BlackElo "1437"]
[PlyCount "89"]
[EventDate "2003.09.05"]

1. e4 e5 2. Nc3 d6 3. Nf3 Nf6 4. Bc4 Bg4 5. h3 Bxf3 6. Qxf3 Nc6 7. Ne2 Be7 8.
c3 Na5 9. Bb5+ c6 10. Ba4 b5 11. Bc2 c5 12. O-O O-O 13. d4 d5 14. dxc5 Bxc5 15.
b4 dxe4 16. Bxe4 Nc4 17. bxc5 Rc8 18. Bg5 Nd2 19. Bxd2 Qxd2 20. Rfd1 Qh6 21. c6
Nxe4 22. Qxe4 Rxc6 23. Qxe5 a6 24. Ng3 Qf6 25. Qxf6 Rxf6 26. Rd3 g6 27. Rad1
Re6 28. Rd6 Rfe8 29. Kf1 h5 30. Rxe6 Rxe6 31. Rd8+ Kg7 32. Rc8 Rd6 33. Ke1 Rd3
34. Ne2 a5 35. Nd4 b4 36. Ke2 Rxc3 37. Rxc3 bxc3 38. Kd3 f5 39. a4 Kf7 40. Kxc3
Ke7 41. Nc6+ Kd7 42. Nxa5 Kc7 43. f4 h4 44. Nc4 Kb7 45. Ne5 1-0

[Event "V Open"]
[Site "Crema ITA"]
[Date "2003.09.05"]
[Round "1"]
[White "Folcini, Gaddo"]
[Black "Massa, Salvenrico"]
[Result "0-1"]
[WhiteElo "1356"]
[BlackElo "1723"]
[PlyCount "96"]
[EventDate "2003.09.05"]

1. d4 Nf6 2. e4 Nxe4 3. Nf3 d5 4. Ne5 Nd7 5. Nxf7 Kxf7 6. Qh5+ g6 7. Qxd5+ e6
8. Qxe4 Bg7 9. Qf3+ Nf6 10. Be3 Rf8 11. Bc4 Kg8 12. Qh3 Nd5 13. Nc3 c6 14.
O-O-O b5 15. Bb3 a5 16. Ne4 Rf5 17. g4 Nf4 18. Bxf4 Rxf4 19. Ng5 Qxg5 20. Qe3
Rxg4 21. d5 Qxe3+ 22. fxe3 exd5 23. Rxd5 cxd5 24. Bxd5+ Kh8 25. Bxa8 Bf5 26.
Rd1 Bf6 27. Bc6 Rc4 28. e4 Bg5+ 29. Kb1 Bxe4 30. Bxe4 Rxe4 31. a4 Rxa4 32. Rd5
Bf6 33. Rxb5 Rb4 34. Rxa5 Rxb2+ 35. Kc1 Rb7 36. c4 Rc7 37. Ra4 Kg7 38. Kc2 g5
39. Kb3 h5 40. Ra5 Kg6 41. c5 g4 42. Kc4 Be5 43. Ra6+ Kg5 44. c6 Bxh2 45. Kb5
Bd6 46. Ra5 Rf7 47. Kb6+ Rf5 48. Ra7 Bc5+ 0-1

[Event "V Open"]
[Site "Crema ITA"]
[Date "2003.09.05"]
[Round "1"]
[White "Frova, Martino"]
[Black "Salami, Marco"]
[Result "0-1"]
[WhiteElo "1600"]
[BlackElo "2177"]
[PlyCount "52"]
[EventDate "2003.09.05"]

1. e4 e6 2. d4 d5 3. e5 c5 4. c3 Nc6 5. Nf3 Bd7 6. Be2 Nge7 7. O-O Ng6 8. Ne1
cxd4 9. cxd4 Qb6 10. Nc2 Be7 11. Nc3 O-O 12. Na4 Qa5 13. b3 Nb4 14. Nb2 Nxc2
15. Qxc2 Rac8 16. Qd1 Bb4 17. Nd3 Bc3 18. Bb2 Bxb2 19. Nxb2 Qc3 20. Rb1 Nf4 21.
Bd3 Qxd4 22. Bxh7+ Kxh7 23. Qxd4 Ne2+ 24. Kh1 Nxd4 25. Nd3 Bb5 26. Rbd1 Rc3 0-1

[Event "V Open"]
[Site "Crema ITA"]
[Date "2003.09.05"]
[Round "1"]
[White "Humel, Andrea"]
[Black "Ficco, Corrado"]
[Result "0-1"]
[WhiteElo "1546"]
[BlackElo "2098"]
[PlyCount "52"]
[EventDate "2003.09.05"]

1. d4 Nf6 2. Nf3 g6 3. e3 Bg7 4. Be2 O-O 5. O-O d6 6. Nbd2 Nbd7 7. c3 e5 8.
dxe5 dxe5 9. e4 c6 10. Qc2 Qc7 11. Bc4 b5 12. Bb3 a6 13. a4 Bb7 14. a5 c5 15.
Ba2 c4 16. b4 cxb3 17. Bxb3 Nc5 18. Re1 Rfd8 19. Ng5 Nxb3 20. Qxb3 Rac8 21. c4
h6 22. Ngf3 bxc4 23. Nxc4 Nxe4 24. Bb2 Bd5 25. Rxe4 Bxe4 26. Bxe5 Qxc4 0-1

[Event "V Open"]
[Site "Crema ITA"]
[Date "2003.09.05"]
[Round "1"]
[White "Insabato, Giovanbattista"]
[Black "Bozuffi, Italo"]
[Result "1-0"]
[WhiteElo "2122"]
[BlackElo "1570"]
[PlyCount "65"]
[EventDate "2003.09.05"]

1. Nf3 Nc6 2. g3 Nf6 3. Bg2 e5 4. d3 d5 5. Nbd2 Bc5 6. O-O O-O 7. e4 Bg4 8. h3
Bh5 9. Re1 dxe4 10. dxe4 Qe7 11. c3 Rad8 12. Qe2 Rd7 13. b4 Bb6 14. a4 a6 15.
Nc4 Rfd8 16. g4 Bg6 17. b5 Nxe4 18. Nxb6 Nxc3 19. Qc4 axb5 20. axb5 Na5 21.
Rxa5 cxb6 22. Bg5 Qd6 23. Bxd8 bxa5 24. Bxa5 h6 25. Qxc3 f6 26. Nh4 Bf7 27.
Bxb7 Be6 28. Nf5 Bxf5 29. gxf5 Kh7 30. Be4 Qb8 31. b6 Qg8 32. b7 Rxb7 33. Bxb7
1-0

[Event "V Open"]
[Site "Crema ITA"]
[Date "2003.09.05"]
[Round "1"]
[White "Leoni, Fabrizio"]
[Black "Bignami, Venanzio"]
[Result "1-0"]
[WhiteElo "2102"]
[BlackElo "1564"]
[PlyCount "61"]
[EventDate "2003.09.05"]

1. d4 d5 2. c4 dxc4 3. Nf3 Nf6 4. Nc3 Bf5 5. Bf4 e6 6. e3 Nc6 7. Bxc4 Bb4 8.
O-O Bxc3 9. bxc3 Ne4 10. Rc1 g5 11. Bg3 h5 12. h4 Nxg3 13. fxg3 gxh4 14. gxh4
Bg4 15. Qe1 Qd6 16. Ng5 Nd8 17. e4 Qc6 18. Bb3 Rg8 19. Qe3 Rg6 20. Bc2 f6 21.
e5 f5 22. c4 Nf7 23. d5 exd5 24. Nxf7 Kxf7 25. Bxf5 Bxf5 26. Rxf5+ Ke7 27. Rcf1
Rag8 28. Qa3+ Ke8 29. Rf8+ Rxf8 30. Qxf8+ Kd7 31. Rf7+ 1-0

[Event "V Open"]
[Site "Crema ITA"]
[Date "2003.09.05"]
[Round "1"]
[White "Lovati, Paolo"]
[Black "Milan, Paolo"]
[Result "1-0"]
[WhiteElo "2089"]
[BlackElo "1537"]
[PlyCount "89"]
[EventDate "2003.09.05"]

1. c4 Nf6 2. g3 e6 3. Bg2 Be7 4. b3 O-O 5. Bb2 d5 6. Nf3 c5 7. O-O d4 8. d3 Nc6
9. Na3 e5 10. Nc2 Bg4 11. Nd2 Qd7 12. a3 h5 13. Rb1 e4 14. Nxe4 Nxe4 15. Bxe4
f5 16. Bd5+ Kh8 17. b4 h4 18. f4 hxg3 19. hxg3 Rf6 20. Qd2 Kh7 21. b5 Rh8 22.
bxc6 bxc6 23. Bf3 Rh6 24. e3 Kg8 25. Qg2 Bh3 26. Qe2 Qe8 27. exd4 Bg4 28. Ne1
Rh1+ 29. Kf2 R1h2+ 30. Ng2 Qh5 31. Rg1 Kf7 32. Bxg4 fxg4 33. Qe5 g5 34. d5 gxf4
35. Qxf4+ Kg6 36. Bxh8 Qxh8 37. Qe4+ Kf7 38. Qe6+ Kg7 39. Qxe7+ Kg6 40. Qe4+
Kh5 41. Rh1 Kg5 42. Rxh2 Qxh2 43. Rb8 Qh6 44. Rg8+ Kf6 45. Qe6# 1-0

[Event "V Open"]
[Site "Crema ITA"]
[Date "2003.09.05"]
[Round "1"]
[White "Martino, Antonio M."]
[Black "Marchesotti, Giovanni"]
[Result "1-0"]
[WhiteElo "1950"]
[BlackElo "1501"]
[PlyCount "51"]
[EventDate "2003.09.05"]

1. c4 Nf6 2. Nc3 g6 3. g3 Bg7 4. Bg2 c6 5. e4 d6 6. Nge2 e5 7. O-O O-O 8. h3
Be6 9. d3 Qd7 10. Kh2 Na6 11. f4 Nc7 12. Be3 b5 13. c5 exf4 14. Nxf4 dxc5 15.
Bxc5 Rfd8 16. d4 Bc4 17. Re1 Na6 18. e5 Ne8 19. b3 Nxc5 20. dxc5 Qxd1 21. Raxd1
b4 22. Bxc6 Rxd1 23. Nxd1 Rc8 24. Bxe8 Bxb3 25. axb3 Rxc5 26. Nf2 1-0

[Event "V Open"]
[Site "Crema ITA"]
[Date "2003.09.05"]
[Round "1"]
[White "Milanesi, Erminio"]
[Black "Castrogiovanni, Carlo"]
[Result "0-1"]
[WhiteElo "1528"]
[BlackElo "2068"]
[PlyCount "114"]
[EventDate "2003.09.05"]

1. e4 c5 2. d3 Nc6 3. Nd2 d5 4. g3 dxe4 5. dxe4 e5 6. Bg2 Nf6 7. Nh3 Bg4 8. f3
Be6 9. Ng5 Bd7 10. Nc4 h6 11. Nh3 Qc7 12. c3 Be6 13. Qe2 b5 14. Ne3 c4 15. O-O
Bc5 16. Kh1 O-O 17. Nf5 Bxf5 18. exf5 Rfe8 19. Be3 Bxe3 20. Qxe3 Rad8 21. Rad1
Rd7 22. Rxd7 Qxd7 23. Nf2 Ne7 24. g4 Ned5 25. Qd2 Qe7 26. Rd1 Rc8 27. Ne4 Rc7
28. Nxf6+ Nxf6 29. Qd8+ Kh7 30. Qxe7 Rxe7 31. h3 Rd7 32. Rxd7 Nxd7 33. b3 cxb3
34. axb3 Nc5 35. Bf1 a6 36. b4 Nb7 37. c4 Nd6 38. c5 Ne8 39. Bd3 Kg8 40. Be4
Kf8 41. Kg2 Ke7 42. Bc6 Nc7 43. Kg3 Kf6 44. f4 g6 45. fxg6 fxg6 46. h4 Ke6 47.
Kf3 exf4 48. Kxf4 Nd5+ 49. Bxd5+ Kxd5 50. g5 h5 51. Ke3 a5 52. c6 Kxc6 53. bxa5
b4 54. a6 Kb6 55. a7 Kxa7 56. Kd4 Ka6 57. Kc4 Ka5 0-1

[Event "V Open"]
[Site "Crema ITA"]
[Date "2003.09.05"]
[Round "1"]
[White "Mussap, Angelo"]
[Black "Romano, Zeno"]
[Result "1-0"]
[WhiteElo "1831"]
[BlackElo "1500"]
[PlyCount "63"]
[EventDate "2003.09.05"]

1. d4 d5 2. Nf3 Nf6 3. c4 e6 4. Nc3 c5 5. cxd5 Nxd5 6. e4 cxd4 7. Qxd4 Nc6 8.
Bb5 Nxc3 9. Qxc3 Bd7 10. O-O Rc8 11. Rd1 Qb6 12. Qd3 Rd8 13. Bg5 f6 14. Be3 Bc5
15. Bxc5 Qxc5 16. Rac1 Qb6 17. Qc4 Ke7 18. Qb3 Bc8 19. Qa3+ Kf7 20. Bxc6 Qxc6
21. e5 Rxd1+ 22. Rxd1 Rd8 23. Re1 a6 24. h3 b5 25. Qe3 Bb7 26. exf6 gxf6 27.
Qh6 Qc2 28. Qe3 e5 29. Nxe5+ fxe5 30. Qxe5 Rd1 31. Qh5+ Qg6 32. Qxg6+ 1-0

[Event "V Open"]
[Site "Crema ITA"]
[Date "2003.09.05"]
[Round "1"]
[White "Panizzi, Giuseppe"]
[Black "Bocci, Alessandro"]
[Result "1-0"]
[WhiteElo "1844"]
[BlackElo "1630"]
[PlyCount "67"]
[EventDate "2003.09.05"]

1. d4 d5 2. Nf3 Nf6 3. Bf4 c6 4. e3 Bf5 5. Be2 e6 6. O-O Bd6 7. Bxd6 Qxd6 8. c4
O-O 9. c5 Qc7 10. b4 Nbd7 11. Nbd2 e5 12. dxe5 Nxe5 13. Nd4 Bg4 14. h3 Bxe2 15.
Qxe2 Rfe8 16. Rfc1 Ng6 17. N2f3 Ne4 18. b5 Ne5 19. Nxe5 Rxe5 20. bxc6 bxc6 21.
Qa6 Rae8 22. Rab1 Qe7 23. Rc2 Nxc5 24. Qa5 Rxe3 25. Qxc5 Re1+ 26. Rxe1 Qxe1+
27. Kh2 Qe5+ 28. g3 h5 29. Re2 Qb8 30. Nxc6 Qa8 31. Rxe8+ Qxe8 32. Qxd5 Qe2 33.
Kg2 Qa6 34. Ne5 1-0

[Event "V Open"]
[Site "Crema ITA"]
[Date "2003.09.05"]
[Round "1"]
[White "Reduzzi, Maurizio"]
[Black "Albrizio, Mauro"]
[Result "1-0"]
[WhiteElo "1749"]
[BlackElo "1455"]
[PlyCount "53"]
[EventDate "2003.09.05"]

1. d4 d5 2. Nf3 Nf6 3. c4 c6 4. e3 Nbd7 5. Nc3 e6 6. Qc2 Be7 7. Be2 O-O 8. b3
Re8 9. Bb2 Bd6 10. O-O e5 11. dxe5 Nxe5 12. cxd5 Nxf3+ 13. Bxf3 Bg4 14. Qe2
Bxf3 15. Qxf3 cxd5 16. Rfd1 Be5 17. Rd3 Qc7 18. h3 Rad8 19. Rad1 Qa5 20. a3 d4
21. exd4 Bxd4 22. Rxd4 Rxd4 23. Rxd4 Re1+ 24. Kh2 Qe5+ 25. Qf4 Qe7 26. Nd5 Nxd5
27. Qb8+ 1-0

[Event "V Open"]
[Site "Crema ITA"]
[Date "2003.09.05"]
[Round "1"]
[White "Tomba, Patrizia"]
[Black "Bellani, Alessandro"]
[Result "0-1"]
[WhiteElo "1492"]
[BlackElo "1810"]
[PlyCount "108"]
[EventDate "2003.09.05"]

1. e4 c5 2. d4 cxd4 3. c3 dxc3 4. Nxc3 Nc6 5. Nf3 e6 6. Bc4 Qc7 7. O-O Nf6 8.
Qe2 Ng4 9. h3 Nd4 10. hxg4 Nxe2+ 11. Bxe2 a6 12. Be3 Bc5 13. Bxc5 Qxc5 14. Rac1
Qa5 15. Nd4 b5 16. Nb3 Qb6 17. Rfd1 Bb7 18. Bf3 Rc8 19. Nd4 Rc4 20. Nc2 g6 21.
Ne3 Rd4 22. Re1 O-O 23. e5 Bxf3 24. gxf3 f6 25. exf6 Rxf6 26. Kg2 Qb7 27. Ne4
Rxe4 28. fxe4 Qxe4+ 29. Kg1 Qf3 30. Rc2 g5 31. Rd1 d5 32. Rd4 Rh6 33. Ng2 Qh3
34. f3 Qh1+ 35. Kf2 Rh2 36. Kg3 Qg1 37. Rdd2 Rh1 38. Re2 Qh2+ 39. Kf2 Rg1 40.
Ke3 Qg3 41. Red2 Rf1 42. Rf2 Rxf2 43. Rxf2 e5 44. Ne1 Qf4+ 45. Ke2 Qc4+ 46. Kd2
Qd4+ 47. Ke2 Qxb2+ 48. Kf1 Qd4 49. Rc2 b4 50. Rc8+ Kf7 51. Rc7+ Ke6 52. Rxh7 e4
53. fxe4 Qxe4 54. Kf2 Qxh7 0-1

[Event "V Open"]
[Site "Crema ITA"]
[Date "2003.09.05"]
[Round "1"]
[White "Zanotti, Luca"]
[Black "Raffaldi, Fabrizio"]
[Result "0-1"]
[WhiteElo "1600"]
[BlackElo "1606"]
[PlyCount "66"]
[EventDate "2003.09.05"]

1. e4 c5 2. d3 Nc6 3. Nf3 d6 4. h3 Nf6 5. Bg5 e6 6. Be2 Be7 7. O-O O-O 8. Nc3
a6 9. Bf4 e5 10. Bg5 Be6 11. Qc1 b5 12. Bd1 Rb8 13. Ne2 Qd7 14. Kh2 Nd4 15. Qe3
b4 16. Nfxd4 cxd4 17. Qd2 d5 18. f4 dxe4 19. fxe5 e3 20. Qe1 Ng4+ 21. hxg4 Bxg5
22. Nxd4 Qxd4 23. Qg3 Rb5 24. c3 Qxe5 25. Qxe5 Rxe5 26. Be2 bxc3 27. bxc3 Rb5
28. Kg3 Rb2 29. Rfe1 Rfb8 30. a4 g6 31. a5 Rd2 32. d4 Rbb2 33. Bxa6 Rxg2+ 0-1

[Event "V Open"]
[Site "Crema ITA"]
[Date "2003.09.05"]
[Round "2"]
[White "Agnelli, Francesco"]
[Black "Casartelli, Fabio"]
[Result "0-1"]
[WhiteElo "2102"]
[BlackElo "1717"]
[PlyCount "48"]
[EventDate "2003.09.05"]

1. e4 e5 2. Nf3 Nf6 3. Nxe5 d6 4. Nf3 Nxe4 5. d4 d5 6. Bd3 Be7 7. O-O Nc6 8. c4
Nf6 9. Nc3 O-O 10. Bf4 Nb4 11. Nb5 Nxd3 12. Qxd3 dxc4 13. Qxc4 c6 14. Nc3 Be6
15. Qe2 Bg4 16. Rfd1 Re8 17. h3 Bd6 18. Be3 Bh5 19. g4 Nxg4 20. hxg4 Bxg4 21.
Kg2 Re6 22. Rh1 Rg6 23. Ne4 Bh3+ 24. Kxh3 Qd7+ 0-1

[Event "V Open"]
[Site "Crema ITA"]
[Date "2003.09.05"]
[Round "2"]
[White "Aimi, Luca"]
[Black "Leoni, Fabrizio"]
[Result "1-0"]
[WhiteElo "1678"]
[BlackElo "2102"]
[PlyCount "69"]
[EventDate "2003.09.05"]

1. e4 c6 2. d4 d5 3. Nc3 dxe4 4. Nxe4 Nd7 5. Bc4 Ngf6 6. Ng5 e6 7. Qe2 Nb6 8.
Bb3 Qc7 9. N1f3 h6 10. Ne4 Nxe4 11. Qxe4 c5 12. Bf4 Bd6 13. Bxd6 Qxd6 14. dxc5
Qxc5 15. O-O-O O-O 16. Ne5 Qc7 17. Qd4 Nd5 18. h4 b6 19. h5 Bb7 20. Nd3 Rfd8
21. Qh4 Ne7 22. f4 Nf5 23. Qf2 Rd6 24. Rhg1 Rad8 25. Kb1 Nd4 26. g4 Nxb3 27.
axb3 Be4 28. g5 hxg5 29. fxg5 Bxd3 30. Rxd3 Rxd3 31. cxd3 Rxd3 32. g6 Qd7 33.
Qf4 e5 34. Rc1 Rd6 35. Rc8+ 1-0

[Event "V Open"]
[Site "Crema ITA"]
[Date "2003.09.05"]
[Round "2"]
[White "Albrizio, Mauro"]
[Black "Dordoni, Dario"]
[Result "0-1"]
[WhiteElo "1455"]
[BlackElo "1600"]
[PlyCount "76"]
[EventDate "2003.09.05"]

1. e4 e5 2. Nf3 Nc6 3. Bb5 a6 4. Ba4 Bc5 5. c3 Nf6 6. Bc2 d5 7. exd5 Qxd5 8.
Bb3 Qd8 9. Nxe5 Nxe5 10. d4 O-O 11. dxe5 Qxd1+ 12. Bxd1 Re8 13. Bf4 Nd5 14. Bg3
f6 15. O-O fxe5 16. Bf3 e4 17. Re1 Bf5 18. Bd1 e3 19. fxe3 Nxe3 20. Bb3+ Be6
21. Bf2 Bxb3 22. axb3 Ng4 23. Rf1 Nxf2 24. Na3 Re2 25. b4 Ba7 26. Nc4 Rf8 27.
h3 Nd3+ 28. Kh1 Rxf1+ 29. Rxf1 Re1 30. Rxe1 Nxe1 31. Na5 b5 32. Nc6 Bb6 33. Nb8
Nd3 34. Nd7 Nxb2 35. Nxb6 cxb6 36. Kg1 Na4 37. Kf1 Nxc3 38. Ke1 Nd5 0-1